<?xml version="1.0" encoding="UTF-8"?>
<record
    xmlns:xsi="http://www.w3.org/2001/XMLSchema-instance"
    xsi:schemaLocation="http://www.loc.gov/MARC21/slim http://www.loc.gov/standards/marcxml/schema/MARC21slim.xsd"
    xmlns="http://www.loc.gov/MARC21/slim">

  <leader>01459naa a2200241 i 4500</leader>
  <controlfield tag="001">BPP</controlfield>
  <controlfield tag="003">BPK</controlfield>
  <controlfield tag="005">20180404093414.0</controlfield>
  <controlfield tag="008">140930s2002    pl     f     |100 0 pol</controlfield>
  <datafield tag="040" ind1=" " ind2=" ">
    <subfield code="c">BPK</subfield>
    <subfield code="d">KOSZ 005/AR</subfield>
  </datafield>
  <datafield tag="080" ind1=" " ind2=" ">
    <subfield code="a">628.3</subfield>
  </datafield>
  <datafield tag="100" ind1=" " ind2=" ">
    <subfield code="a">ANIELAK, Anna Maria.</subfield>
    <subfield code="d">1996 - 2011.</subfield>
    <subfield code="b">Politechnika Koszali&#x144;ska - Wydzia&#x142; Budownictwa i In&#x17C;ynierii &#x15A;rodowiska,</subfield>
    <subfield code="c">Katedra Technologii Wody i &#x15A;ciek&#xF3;w</subfield>
  </datafield>
  <datafield tag="245" ind1=" " ind2=" ">
    <subfield code="a">Fizykochemiczne w&#x142;a&#x15B;ciwo&#x15B;ci kwas&#xF3;w fulwowych /</subfield>
    <subfield code="c">Anna M. Anielak, Artur Majewski.</subfield>
  </datafield>
  <datafield tag="260" ind1=" " ind2=" ">
    <subfield code="c">2002.</subfield>
  </datafield>
  <datafield tag="500" ind1=" " ind2=" ">
    <subfield code="a">Dane z Informatora o publikowanych wynikach prac naukowo-badawczych w 2002 Wydzia&#x142;u Budownictwa i In&#x17C;ynierii &#x15A;rodowiska.</subfield>
  </datafield>
  <datafield tag="520" ind1=" " ind2=" ">
    <subfield code="a">Metod&#x105; ekstrakcji i wymiany jonowej wyodr&#x119;bniono z osad&#xF3;w dennych kwasy fulwowe o zmiennej zawarto&#x15B;ci metali &#x15B;ladowych. Kwasy te poddano analizie fizykochemicznej wyznaczaj&#x105;c ich potencja&#x142; elektrokinetyczny, wielko&#x15B;&#x107; cz&#x105;steczek, absorbancj&#x119; i przewodno&#x15B;&#x107; w&#x142;a&#x15B;ciw&#x105; roztworu, a tak&#x17C;e wsp&#xF3;&#x142;zale&#x17C;no&#x15B;&#x107; tych parametr&#xF3;w od zawarto&#x15B;ci w kwasach metali &#x15B;ladowych.</subfield>
  </datafield>
  <datafield tag="650" ind1=" " ind2="0">
    <subfield code="a">Kwasy huminowe.</subfield>
  </datafield>
  <datafield tag="650" ind1=" " ind2="0">
    <subfield code="a">Osad denny.</subfield>
  </datafield>
  <datafield tag="655" ind1=" " ind2="0">
    <subfield code="a">Materia&#x142;y konferencyjne.</subfield>
  </datafield>
  <datafield tag="700" ind1=" " ind2=" ">
    <subfield code="a">MAJEWSKI, Artur.</subfield>
    <subfield code="d">1999 - 2007.</subfield>
    <subfield code="b">Politechnika Koszali&#x144;ska - Wydzia&#x142; Budownictwa i In&#x17C;ynierii &#x15A;rodowiska,</subfield>
    <subfield code="c">Katedra Technologii Wody i &#x15A;ciek&#xF3;w</subfield>
  </datafield>
  <datafield tag="773" ind1=" " ind2=" ">
    <subfield code="i">W : </subfield>
    <subfield code="t">I Og&#xF3;lnopolski Kongres In&#x17C;ynierii &#x15A;rodowiska. -</subfield>
    <subfield code="d">Lublin, 2002. -</subfield>
    <subfield code="g">s. 1-9</subfield>
  </datafield>
  <datafield tag="942" ind1=" " ind2=" ">
    <subfield code="c">ART</subfield>
    <subfield code="2">UKD</subfield>
  </datafield>
  <datafield tag="999" ind1=" " ind2=" ">
    <subfield code="c">1665</subfield>
    <subfield code="d">1665</subfield>
  </datafield>
</record>
